000
00278nam a2200121Ia 4500
008
190216s9999||||xx |||||||||||||| ||und||
100
_a
Alexandre Dumas
245
4
_a
The Count Of Monte Cristo
260
_b
Macmillan
_c
1989
300
_a
175p
650
_a
English
942
_c
BK
999
_c
13481
_d
13481